Рапорт Управления закавказских железных дорог и ходатайства торгово-промышленных акционерных обществ о запрещении беспошлинного ...

Доступно только в Электронных читальных залах Найти на картеНа карте
RUSMARC
00003825nmc2a22002413x 450
0012229e059-3504-488e-864f-666b6efaf6fe
00520210330053250.0
100##$a20200911l19121913k l0rusy0189 ca
1010#$arus
102##$aRU
105##$ay###
1222#$ad
2001#$aРапорт Управления закавказских железных дорог и ходатайства торгово-промышленных акционерных обществ о запрещении беспошлинного ввоза в Россию керосина и других, воспламеняющихся и взрывчатых веществ, о тарифе на экспортный керосин и другие материалы по данному вопросу
$j15 марта 1912 г. - 16 января 1913 г.
215##$a45 л.
$d36,5х26 см
251##$cДело
300##$aПостоянная комиссия по тарифным вопросам
371##$aДокумент не является опубликованным и широко распространяемым
461#0$1001462bc950-73da-43c4-909a-7b2c52d22778
$12001
$aСовет съездов представителей промышленности и торговли
$1251
$cФонд
$1852
$j32
462#0$10016d63d908-4edb-4782-94eb-bfaf477d4f70
$12001
$aОпись № 1
$1251
$cОпись
$1852
$j1
801#0$aRU
$bРГИА
$c20200911
$gRCR
801#1$aRU
$bГлавНИВЦ
$c20200911
$2rusmarc
801#2$aRU
$bПБ им. Б.Н. Ельцина
$c20210330
$gRCR
$2rusmarc
850##$aРГИА
852##$aРГИА
$eФедеральное казенное учреждение "Российский государственный исторический архив" (РГИА)
$j916
937##$hРГИА
$d12350768
$aASBIBLIO_SCAN
035##$aRusGRCC00012388
856##$uhttp://readingroom.main.prlib.ru/item.aspx?id_node=n160517670&mode=full
Формат отображения